[Event "Tournament (Elo)"]
[Site "masterchessopen.com Budapest (Hungary)"]
[Round "0"]
[White "Vargyas Zoltan (HUN)"]
[Black "Berczes Csaba (HUN)"]
[Result "0-1"]
[WhiteElo "2166"]
[BlackElo "2115"]

1.d4 Nf6 2.c4 g6 3.Nf3 Bg7 4.g3 O-O 5.Bg2 d6 6.Nc3 Nbd7 7.O-O e5 8.e4 c6 9.Rb1
a6 10.b3 Re8 11.h3 b5 12.d5 cxd5 13.Nxd5 Nxd5 14.Qxd5 Nb6 15.Qd3 bxc4 16.bxc4
Be6 17.Nd2 Qc7 18.Rd1 Nxc4 19.Nxc4 Bxc4 20.Qc2 Rec8 21.Qd2 Rab8 22.Rxb8 Rxb8
23.Ba3 Qb6 24.Qc2 Be6 25.Rxd6 Qa5 26.Rd3 h5 27.Rc3 Bxa2 28.Bf1 Bb1 29.Qd2 Rd8
30.Qe3 Bh6 31.Qxh6 Qxc3 32.Be7 Qf3 33.Bg2 Rd1+ 34.Kh2 Qxf2 {#R} 0-1

[Event "Cup \"]
[Site "masterchessopen.com Bucharest (Romania)"]
[Date "1999.05.19"]
[Round "5"]
[White "Navrotescu Catalin (ROM)"]
[Black "Motylev Alexander (RUS)"]
[Result "0-1"]
[WhiteElo "2426"]
[BlackElo "2532"]

1.d4 Nf6 2.c4 g6 3.g3 Bg7 4.Bg2 O-O 5.Nc3 d6 6.Nf3 Nbd7 7.O-O e5 8.e4 c6 9.b3
Qb6 10.d5 Nc5 11.Ne1 cxd5 12.cxd5 Bg4 13.Qd2 Rfc8 14.Bb2 Rc7 15.h3 Bd7 16.Nc2
Rac8 17.Rac1 Bb5 18.Nxb5 Qxb5 19.Na3 Qd3 20.Qxd3 Nxd3 21.Rxc7 Rxc7 22.Ba1 a6
23.Rd1 b5 24.Nb1 Nc1 25.f4 Nd7 26.Nc3 Rxc3 27.Bxc3 Ne2+ 28.Kf2 Nxc3 29.Rd2 b4
30.Ke3 Nc5 31.Rc2 a5 32.h4 h5 33.Bf3 Kf8 34.Rh2 Ke7 {#R} 0-1

[Event "Memorial Erkel (open)"]
[Site "masterchessopen.com Gyula (Hungary)"]
[Date "1999.11.11"]
[Round "8"]
[White "Deak Sandor (HUN)"]
[Black "Popovic Dusan (SRB)"]
[Result "1-0"]
[WhiteElo "2344"]
[BlackElo "2176"]

1.d4 Nf6 2.c4 g6 3.g3 Bg7 4.Bg2 d6 5.Nf3 O-O 6.O-O Nbd7 7.Nc3 e5 8.e4 c6 9.Re1
Re8 10.h3 Qb6 11.b3 exd4 12.Nxd4 Nxe4 13.Nxe4 Qxd4 14.Rb1 d5 15.cxd5 cxd5
16.Nd6 Re6 17.Bf4 Nb6 18.Qxd4 Bxd4 19.Nb5 g5 20.Bxg5 Be5 21.Be3 Bd7 22.Nd4
Ree8 23.a4 Bxd4 24.Bxd4 Be6 25.Rbd1 Nc8 26.Bxd5 Rd8 27.Bxe6 fxe6 28.Rxe6 Nb6
29.Re4 Nd5 30.Rde1 Kf7 31.Rh4 {#r} 1-0

[Event "Ch Europe (team)"]
[Site "masterchessopen.com Batumi (Georgia)"]
[Date "1999.12.06"]
[Round "8"]
[White "Keogh Eamon (IRL)"]
[Black "Manninen Marko (FIN)"]
[Result "0-1"]
[WhiteElo "2165"]
[BlackElo "2426"]

1.Nf3 Nf6 2.g3 g6 3.Bg2 Bg7 4.O-O O-O 5.c4 d6 6.Nc3 e5 7.d4 Nbd7 8.e4 c6
9.dxe5 dxe5 10.Nh4 Qe7 11.Qe2 Nc5 12.Bg5 Ne6 13.f4 Qc5+ 14.Kh1 exf4 15.Bxf4
Nd4 16.Be3 Ng4 17.Bxd4 Bxd4 18.h3 Ne3 19.Rf3 Be6 20.Na4 Qxc4 21.Rxe3 Bxe3
22.Qxe3 Qxa4 23.Nf3 Qb4 24.b3 Rfe8 25.Ng5 f6 {#R} 0-1

[Event "It (cat.8)"]
[Site "masterchessopen.com Alushta (Ukraine)"]
[Round "2"]
[White "Itkis Boris (ROM)"]
[Black "Voitsekhovsky Stanislav (RUS)"]
[Result "1-0"]
[WhiteElo "2384"]
[BlackElo "2516"]

1.d4 Nf6 2.Nf3 g6 3.c4 Bg7 4.g3 O-O 5.Bg2 d6 6.O-O Nbd7 7.Nc3 e5 8.e4 c6 9.Be3
Ng4 10.Bg5 Qb6 11.h3 exd4 12.Na4 Qa6 13.hxg4 b5 14.Be7 Re8 15.Bxd6 bxa4 16.e5
c5 17.Re1 Bb7 18.b4 axb3 19.axb3 Qb6 20.Qd2 a5 21.Qf4 h6 22.g5 h5 23.g4 hxg4
24.Nh2 Bxg2 25.Kxg2 Qc6+ 26.Kg1 Re6 27.Nxg4 Rae8 28.Kf1 Qb7 29.Rad1 Qxb3
30.Nf6+ Bxf6 31.gxf6 {#r} 1-0

[Event "Ch DLM (team)"]
[Site "masterchessopen.com Bad Homburg (Germany)"]
[Round "1"]
[White "Krensing Jan (GER)"]
[Black "Guttenthaler Franz (GER)"]
[Result "1-0"]
[WhiteElo "2150"]
[BlackElo "2138"]

1.d4 g6 2.Nf3 Bg7 3.c4 d6 4.g3 Nd7 5.Bg2 e5 6.Nc3 Ngf6 7.O-O O-O 8.e4 c6 9.b3
Re8 10.h3 Qc7 11.Re1 a6 12.a4 a5 13.Be3 exd4 14.Nxd4 Nc5 15.Qe2 Be6 16.Rad1
Rad8 17.f4 Bc8 18.g4 Ne6 19.Qf2 Nc5 20.e5 dxe5 21.Ndb5 cxb5 22.Nxb5 Nce4
23.Nxc7 Nxf2 24.Bxf2 Rxd1 25.Rxd1 Rf8 26.Bc5 exf4 27.Bxf8 Bxf8 28.Rd8 {#r} 1-0

[Event "It (open)"]
[Site "masterchessopen.com Bern (Switzerland)"]
[Round "4"]
[White "Horvath Jozsef_ (HUN)"]
[Black "Suetin Alexei S (RUS)"]
[Result "1-0"]
[WhiteElo "2558"]
[BlackElo "2364"]

1.d4 Nf6 2.c4 g6 3.Nf3 Bg7 4.g3 O-O 5.Bg2 d6 6.Nc3 Nbd7 7.O-O e5 8.e4 c6 9.Rb1
Re8 10.h3 a6 11.d5 cxd5 12.cxd5 b5 13.Ne1 Rb8 14.Nc2 b4 15.Na4 a5 16.b3 Ba6
17.Re1 Nb6 18.a3 Nxa4 19.bxa4 b3 20.Na1 Qd7 21.Rxb3 Bc4 22.Rxb8 Rxb8 23.Bd2
Qa7 24.Qc1 Qa6 25.Qc3 Bd3 26.Nb3 Rc8 27.Qxa5 Qxa5 28.Nxa5 Rc2 29.Bb4 Bf8
30.Nc6 Nd7 31.Bf1 Bxf1 32.Kxf1 Nc5 33.Bxc5 Rxc5 34.a5 Rc4 35.a6 Ra4 36.a7 f5
37.Rb1 {#r} 1-0

[Event "It (open)"]
[Site "masterchessopen.com Bethune (France)"]
[Round "3"]
[White "Solozhenkin Evgeniy (RUS)"]
[Black "Maitesian Sergei (FRA)"]
[Result "1-0"]
[WhiteElo "2504"]
[BlackElo "2151"]

1.d4 Nf6 2.Nf3 g6 3.c4 Bg7 4.g3 O-O 5.Bg2 d6 6.O-O Nbd7 7.Nc3 e5 8.e4 c6 9.Be3
Re8 10.h3 exd4 11.Nxd4 Nc5 12.Qc2 a5 13.Rfe1 Bd7 14.Rad1 Qc7 15.Nb3 Ne6 16.Na4
c5 17.Nc3 a4 18.Nc1 Nd4 19.Bxd4 cxd4 20.Rxd4 Nh5 21.Nd5 Qc5 22.Rdd1 Rac8
23.Nd3 Qd4 24.Ne3 b5 25.Nf4 Nxf4 26.Rxd4 Nxg2 27.Kxg2 Bxd4 28.Qd3 Bxb2 29.cxb5
Be6 30.Re2 a3 31.Nd5 Bxd5 32.exd5 Rxe2 33.Qxe2 Bd4 34.Qg4 Rc4 35.b6 {#r} 1-0

[Event "Cup Russia (open)"]
[Site "masterchessopen.com Bor (Russia)"]
[Round "7"]
[White "Torbin Kirill (RUS)"]
[Black "Korotylev Alexey (RUS)"]
[Result "0-1"]
[WhiteElo "2251"]
[BlackElo "2528"]

1.Nf3 Nf6 2.d4 g6 3.c4 Bg7 4.g3 O-O 5.Bg2 d6 6.O-O Nbd7 7.Nc3 e5 8.e4 c6 9.b3
Re8 10.Re1 exd4 11.Nxd4 Nc5 12.h3 a5 13.Rb1 h6 14.Bf4 a4 15.b4 Ne6 16.Be3 Ng5
17.Bxg5 hxg5 18.Re2 g4 19.hxg4 Nxg4 20.Rd2 a3 21.b5 Ne5 22.bxc6 bxc6 23.Nxc6
Nxc6 24.Nb5 Qa5 25.Nxd6 Bg4 26.Qxg4 Qxd2 27.Nxf7 Kxf7 28.Rb7+ Re7 29.e5 Qc1+
30.Kh2 Rh8+ {#R} 0-1

[Event "It (cat.3)"]
[Site "masterchessopen.com Budapest (Hungary)"]
[Round "12"]
[White "Straub Peter (GER)"]
[Black "Geenen Marc (BEL)"]
[Result "0-1"]
[WhiteElo "2086"]
[BlackElo "2346"]

1.d4 Nf6 2.Nf3 g6 3.g3 Bg7 4.Bg2 O-O 5.c4 d6 6.O-O Nbd7 7.Nc3 e5 8.e4 c6 9.b3
Qb6 10.Bb2 Re8 11.dxe5 dxe5 12.Na4 Qc7 13.Qc2 Bf8 14.Rad1 b6 15.Qb1 a6 16.Rc1
Bh6 17.Rcd1 b5 18.cxb5 axb5 19.Nc3 b4 20.Ne2 Qa7 21.Bc1 Ba6 22.Qc2 Bxc1
23.Rxc1 Bxe2 24.Qxe2 Qxa2 25.Qc4 c5 26.Ng5 Re7 27.f4 Qd2 28.Rc2 Qe3+ 29.Kh1 h6
30.Nf3 Ra3 31.fxe5 Ng4 32.e6 Rxe6 33.Bh3 Rxe4 34.Qd5 Ndf6 35.Qxc5 Qxc5 36.Rxc5
Re2 37.Kg1 {#R} 0-1

[Event "It (w)"]
[Site "masterchessopen.com Buhlertal (Germany)"]
[Round "9"]
[White "Maric Alisa (SRB)"]
[Black "Voiska Margarita (BUL)"]
[Result "0-1"]
[WhiteElo "2443"]
[BlackElo "2330"]

1.Nf3 Nf6 2.c4 g6 3.g3 Bg7 4.Bg2 O-O 5.O-O d6 6.d4 Nbd7 7.Nc3 e5 8.e4 c6 9.b3
Re8 10.h3 a6 11.dxe5 dxe5 12.Qc2 Nc5 13.Be3 Nfd7 14.Rad1 Qe7 15.b4 Ne6 16.c5
a5 17.a3 Qf8 18.Rd6 axb4 19.axb4 f5 20.Rfd1 f4 21.Bc1 Nd4 22.Qd3 b6 23.Nxd4
exd4 24.Ne2 bxc5 25.bxc5 Kh8 26.Bxf4 Ba6 27.Qd2 Nxc5 28.Nxd4 g5 29.Nf5 gxf4
30.Nxg7 Qxg7 31.Rxc6 Ne6 32.Qd7 Qxd7 33.Rxd7 Bb5 34.e5 Ra1+ 35.Kh2 fxg3+
36.fxg3 Bxc6 37.Bxc6 Ra2+ 38.Kh1 Rc8 39.Rd6 Nd4 40.Rxd4 Rxc6 {#R} 0-1

[Event "It (open)"]
[Site "masterchessopen.com Calcutta (India)"]
[Round "5"]
[White "Sorokin Maxim (RUS)"]
[Black "Satyapragyan Swayangsu (IND)"]
[Result "1-0"]
[WhiteElo "2541"]
[BlackElo "2379"]

1.c4 g6 2.d4 Nf6 3.Nc3 Bg7 4.g3 O-O 5.Bg2 d6 6.Nf3 Nbd7 7.O-O e5 8.e4 c6 9.b3
Re8 10.h3 exd4 11.Nxd4 Nc5 12.Re1 a5 13.Rb1 Qb6 14.Be3 Qc7 15.Qc2 Bd7 16.Rbd1
Rad8 17.f4 Bc8 18.Bf2 Re7 19.a3 Na6 20.Re2 Rde8 21.Qb1 Nc5 22.b4 axb4 23.axb4
Ne6 24.Nf3 Nf8 25.Qd3 Nh5 26.Rde1 Ne6 27.Rc2 Qb8 28.Ne2 Nf6 29.Rd2 Nf8 30.Nc3
Nh5 31.Nd4 Ne6 32.Nde2 Nc7 33.Red1 Be6 34.g4 Nf6 35.f5 Bc8 36.g5 Nxe4 37.Bxe4
Rxe4 38.Nxe4 Bxf5 39.N2g3 {#r} 1-0

[Event "Extra League 1999/00"]
[Site "masterchessopen.com Czech Republic"]
[Round "10"]
[White "Cech Pavel (CZE)"]
[Black "Jirovsky Petr (CZE)"]
[Result "1-0"]
[WhiteElo "2330"]
[BlackElo "2360"]

1.d4 Nf6 2.c4 g6 3.Nc3 Bg7 4.Nf3 O-O 5.g3 d6 6.Bg2 Nbd7 7.O-O e5 8.e4 exd4
9.Nxd4 Re8 10.Re1 Nc5 11.h3 a5 12.Ndb5 Be6 13.e5 dxe5 14.Qxd8 Rexd8 15.Nxc7
Rac8 16.Nxe6 Nxe6 17.Rxe5 b6 18.Be3 Rxc4 19.Bxb6 Rd2 20.Rb5 Rb4 21.Bxa5 Rxb5
22.Nxb5 Rxb2 23.a4 Nd7 24.Bc3 Bxc3 25.Nxc3 Ndc5 26.a5 Na6 27.Bf1 Nec7 28.Nd5
Rb7 29.Nxc7 Nxc7 30.a6 Ra7 31.Bc4 Kf8 32.Rb1 {#r} 1-0

[Event "It (open) (3)"]
[Site "masterchessopen.com Deidesheim (Germany)"]
[Round "0"]
[White "Lossnitzer Andre (GER)"]
[Black "Seger Jan (GER)"]
[Result "1-0"]
[WhiteElo "2048"]
[BlackElo "2189"]

1.d4 Nf6 2.c4 g6 3.Nc3 Bg7 4.Nf3 d6 5.g3 O-O 6.Bg2 Nbd7 7.O-O e5 8.e4 c6
9.dxe5 dxe5 10.b3 Qe7 11.Qc2 Nh5 12.Bb2 f5 13.exf5 gxf5 14.Rae1 a5 15.Kh1 e4
16.Nd1 Nc5 17.Nh4 Be6 18.f3 Nd3 19.Re2 Nxb2 20.Nxb2 Nf4 21.gxf4 Qxh4 22.fxe4
fxe4 23.Bxe4 Bh3 24.Rg1 Kh8 25.Nd3 Bd4 26.Nf2 Rxf4 27.Nxh3 Qxh3 28.Bg2 Qh5
29.Rf1 Rxf1+ 30.Bxf1 Rf8 31.Qd1 Rf2 32.Qxd4+ {#r} 1-0

[Event "Cup Yugoslavia"]
[Site "masterchessopen.com Herceg Novi (Montenegro)"]
[Round "1"]
[White "Ilincic Zlatko (SRB)"]
[Black "Brankovic Dejan (SRB)"]
[Result "1-0"]
[WhiteElo "2563"]
[BlackElo "2394"]

1.d4 Nf6 2.c4 g6 3.g3 Bg7 4.Bg2 O-O 5.Nc3 d6 6.Nf3 Nbd7 7.O-O e5 8.e4 c6 9.b3
Re8 10.h3 a6 11.d5 cxd5 12.cxd5 b5 13.Ne1 b4 14.Na4 Nb6 15.Nxb6 Qxb6 16.Be3
Qb8 17.Nd3 Bd7 18.Qd2 a5 19.a3 bxa3 20.Rxa3 a4 21.Rfa1 Nxe4 22.Bxe4 f5 23.Bg2
f4 24.gxf4 exf4 25.Bxf4 Bxa1 26.Rxa1 axb3 27.Rxa8 Qxa8 28.Qc3 Bf5 29.Nc1 Be4
30.Bxe4 Rxe4 31.Bh6 Re5 32.Qc7 Rg5+ 33.Kh2 {#r} 1-0

[Event "It (open) \"]
[Site "masterchessopen.com Jyvaskyla (Finland)"]
[Round "5"]
[White "Gavrikov Viktor (LTU)"]
[Black "Laasanen Teemu (FIN)"]
[Result "1-0"]
[WhiteElo "2549"]
[BlackElo "2163"]

1.Nf3 Nf6 2.c4 g6 3.d4 Bg7 4.g3 O-O 5.Bg2 d6 6.O-O Nbd7 7.Nc3 e5 8.e4 c6 9.Rb1
exd4 10.Nxd4 Re8 11.h3 a5 12.Re1 Nc5 13.Bf4 Qb6 14.Bxd6 Nfxe4 15.Bxe4 Nxe4
16.Nxe4 Bxh3 17.c5 Qb4 18.Ng5 Bd7 19.Ngf3 Bg4 20.Rxe8+ Rxe8 21.Qd3 h5 22.a3
Qa4 23.Kg2 Bxf3+ 24.Nxf3 Qg4 25.b4 a4 26.b5 h4 27.Rb4 {#r} 1-0

[Event "Ch Russia (1/2 final)"]
[Site "masterchessopen.com Orsk (Russia)"]
[Round "4"]
[White "Sabaev Sergey (RUS)"]
[Black "Leskinen Alexander (RUS)"]
[Result "1-0"]
[WhiteElo "2271"]
[BlackElo "2308"]

1.d4 Nf6 2.c4 g6 3.Nf3 Bg7 4.g3 O-O 5.Bg2 d6 6.O-O Nbd7 7.Nc3 e5 8.e4 c6 9.b3
Qa5 10.Bd2 Qc7 11.h3 Re8 12.Be3 Nf8 13.Qc2 Nh5 14.Rad1 f5 15.dxe5 dxe5 16.Bc5
Qf7 17.Rfe1 Bf6 18.Bd6 Qg7 19.Re2 Bd7 20.a4 Rad8 21.Bc5 b6 22.Ba3 Bc8 23.Rde1
Qc7 24.Bb2 Ng7 25.Qb1 Nfe6 26.exf5 Nd4 27.Nxd4 exd4 28.Ne4 Qf7 29.fxg6 hxg6
30.Nxf6+ Qxf6 31.Rxe8+ Nxe8 32.c5 bxc5 33.Qc2 Qd6 34.Qc4+ Kh7 35.Rxe8 {#r} 1-0

[Event "It (open)"]
[Site "masterchessopen.com Riazor (Spain)"]
[Round "2"]
[White "Benito Alba Eladio (ESP)"]
[Black "Del Rey Diego (ESP)"]
[Result "0-1"]
[WhiteElo "2028"]
[BlackElo "2382"]

1.d4 Nf6 2.c4 g6 3.g3 Bg7 4.Bg2 O-O 5.Nc3 d6 6.Nf3 Nbd7 7.O-O e5 8.e4 c6 9.d5
cxd5 10.cxd5 Nc5 11.Re1 a5 12.h3 Bd7 13.Rb1 b5 14.Nd2 b4 15.Ne2 Bb5 16.b3 Bd3
17.Ra1 Nfxe4 18.Nxe4 Bxe4 19.Bb2 Qb6 {#R} 0-1

[Event "Ch Ukraine"]
[Site "masterchessopen.com Sevastopol (Ukraine)"]
[Round "4"]
[White "Myshakov Fyodor (UKR)"]
[Black "Rusjanovsky Oleg (UKR)"]
[Result "0-1"]
[WhiteElo "2226"]
[BlackElo "2334"]

1.d4 Nf6 2.c4 g6 3.Nc3 Bg7 4.Nf3 O-O 5.g3 d6 6.Bg2 Nbd7 7.O-O e5 8.e4 c6 9.Be3
Ng4 10.d5 Nxe3 11.fxe3 Nf6 12.Qc2 Ng4 13.Rae1 Bh6 14.Nd1 Qe7 15.h3 Nf6 16.Nc3
c5 17.g4 Bg7 18.Ne2 h5 19.g5 Nh7 20.h4 f6 21.Ng3 fxg5 22.Nxg5 Rxf1+ 23.Rxf1
Nxg5 24.hxg5 Qxg5 25.Qf2 h4 26.Qf7+ Kh7 27.Nh1 Bh3 28.Qf3 Bg4 29.Qf2 Rf8
30.Qd2 h3 {#R} 0-1

[Event "Ch Russia (club)"]
[Site "masterchessopen.com Smolensk (Russia)"]
[Round "2"]
[White "Filippov Valerij (RUS)"]
[Black "Zhelnin Vladimir V (RUS)"]
[Result "1-0"]
[WhiteElo "2593"]
[BlackElo "2462"]

1.Nf3 g6 2.d4 Bg7 3.c4 d6 4.Nc3 Nd7 5.g3 Ngf6 6.Bg2 O-O 7.O-O e5 8.e4 c6 9.Be3
Qe7 10.h3 Ne8 11.Re1 f5 12.dxe5 dxe5 13.Qd2 Nd6 14.Bg5 Qe6 15.exf5 gxf5 16.b3
Nf7 17.Be3 e4 18.Nd4 Qf6 19.f4 exf3 20.Bxf3 Nde5 21.Bg2 Rd8 22.Rad1 c5 23.Nd5
Rxd5 24.Bxd5 cxd4 25.Bxd4 Be6 26.Bxb7 Rd8 27.Bxe5 Rxd2 28.Bxf6 Rxd1 29.Rxd1
Bxf6 30.Bd5 Bc8 31.c5 Kf8 32.b4 Bc3 33.b5 Bb4 34.Kh2 Nd8 35.Rd4 Be1 36.Ra4
{#r} 1-0

[Event "Memorial A.Petrov (open)"]
[Site "masterchessopen.com St. Petersburg (Russia)"]
[Round "9"]
[White "Grishin Eduard (RUS)"]
[Black "Kazakov Vladimir A (RUS)"]
[Result "1-0"]
[WhiteElo "2268"]
[BlackElo "2308"]

1.d4 Nf6 2.Nf3 g6 3.c4 Bg7 4.g3 O-O 5.Bg2 d6 6.O-O Nbd7 7.Nc3 e5 8.e4 c6
9.dxe5 dxe5 10.Qd6 Ne8 11.Qd1 Nef6 12.h3 a5 13.Be3 Re8 14.Qc2 Qc7 15.a3 Nf8
16.Na4 Ne6 17.Bb6 Qb8 18.Rfd1 Nd7 19.c5 Nd4 20.Nxd4 exd4 21.f4 Nxb6 22.Nxb6
Ra7 23.e5 Rd8 24.Qf2 d3 25.Qe3 Be6 26.Rxd3 Rxd3 27.Qxd3 Bf8 28.Rc1 Be7 29.Kf2
Qd8 30.Qxd8+ Bxd8 31.Bf1 Kf8 32.Ke3 Ke8 33.g4 Be7 34.Kd4 Kd8 35.Bd3 Kc7 36.f5
Bc8 37.f6 Bf8 38.Nxc8 Kxc8 39.Bc4 b5 40.cxb6 Rb7 41.Ba6 {#r} 1-0

[Event "Memorial A.Petrov (open)"]
[Site "masterchessopen.com St. Petersburg (Russia)"]
[Round "5"]
[White "Vaulin Alexander (RUS)"]
[Black "Kochyev Alexander (RUS)"]
[Result "1-0"]
[WhiteElo "2552"]
[BlackElo "2422"]

1.Nf3 Nf6 2.c4 g6 3.g3 Bg7 4.Bg2 O-O 5.d4 d6 6.O-O Nbd7 7.Nc3 e5 8.e4 c6 9.Be3
a6 10.h3 b5 11.c5 b4 12.Na4 d5 13.Bg5 Qc7 14.Bxf6 Nxf6 15.exd5 Nxd5 16.Nxe5
Bxe5 17.dxe5 Qxe5 18.Re1 Qf6 19.Bxd5 cxd5 20.Nb6 Rb8 21.Nxd5 Qxb2 22.Rb1 Qg7
23.c6 Rb5 24.Rxb4 Rxb4 25.Nxb4 Bxh3 26.c7 Qc3 27.Nd5 Qc5 28.g4 Kg7 29.Re3 Bxg4
30.Qxg4 {#r} 1-0

[Event "Memorial M.Chigorin (open)"]
[Site "masterchessopen.com St. Petersburg (Russia)"]
[Round "4"]
[White "Filippov Valerij (RUS)"]
[Black "Klimov Sergey (RUS)"]
[Result "1-0"]
[WhiteElo "2593"]
[BlackElo "2435"]

1.Nf3 Nf6 2.c4 g6 3.d4 Bg7 4.g3 O-O 5.Bg2 d6 6.Nc3 Nbd7 7.O-O e5 8.e4 exd4
9.Nxd4 Nc5 10.h3 Re8 11.Re1 a5 12.Ndb5 Nfd7 13.Be3 Ne5 14.Bf1 a4 15.Rc1 Be6
16.b3 axb3 17.axb3 Bd7 18.b4 Na6 19.f4 Nc6 20.c5 dxc5 21.bxc5 Qc8 22.g4 h5
23.gxh5 Bxh3 24.f5 Bxf1 25.Rxf1 gxf5 26.h6 Bxc3 27.Nxc3 Kh7 28.Rxf5 Qe6 29.Qh5
Rg8+ 30.Kh2 f6 31.Rg1 Rxg1 32.Bxg1 Ne7 33.Rf3 Rg8 34.Nd5 Nxd5 35.exd5 Qe2+
36.Bf2 Rg6 37.Qf5 Nxc5 38.Re3 Qg4 39.Re7+ Kh8 40.Qxg4 Rxg4 41.Bxc5 Rh4+ 42.Kg3
{#r} 1-0

[Event "Ch Ukraine (team)"]
[Site "masterchessopen.com Alushta (Ukraine)"]
[Round "5"]
[White "Sukharev Sergey (UKR)"]
[Black "Mutschnik Ilia (GER)"]
[Result "1-0"]
[WhiteElo "2215"]
[BlackElo "2288"]

1.Nf3 Nf6 2.c4 g6 3.g3 Bg7 4.Bg2 O-O 5.O-O d6 6.d4 Nbd7 7.Nc3 e5 8.e4 exd4
9.Nxd4 Nc5 10.h3 Re8 11.Re1 a5 12.Ndb5 Bd7 13.Qc2 Qc8 14.Kh2 Re5 15.g4 Re8
16.Be3 Bc6 17.f3 b6 18.Rad1 h6 19.Bxc5 bxc5 20.f4 Nd7 21.Nd5 Bxb5 22.cxb5 g5
23.e5 dxe5 24.fxg5 hxg5 25.Qf5 Rb8 26.Nxc7 Rd8 27.Nd5 Kf8 28.Qxg5 f6 29.Qg6
Rxb5 30.g5 Qc6 31.gxf6 Nxf6 32.Nxf6 {#r} 1-0

[Event "It \"]
[Site "masterchessopen.com Alushta (Ukraine)"]
[Round "4"]
[White "Zubarev Alexander (UKR)"]
[Black "Varavin Viktor (RUS)"]
[Result "1-0"]
[WhiteElo "2455"]
[BlackElo "2491"]

1.d4 Nf6 2.Nf3 g6 3.c4 Bg7 4.g3 O-O 5.Bg2 d6 6.O-O Nbd7 7.Nc3 e5 8.e4 exd4
9.Nxd4 Re8 10.h3 Nc5 11.Re1 a5 12.Ndb5 Nfd7 13.Rb1 Ne5 14.Bf1 f5 15.f4 Nf7
16.e5 Na6 17.exd6 Rxe1 18.Qxe1 c6 19.Nc7 Nxc7 20.dxc7 Qxc7 21.c5 Bd7 22.Be3
Be6 23.Rd1 Rd8 24.Rxd8+ Qxd8 25.b3 Bf6 26.Bf2 g5 27.Qxe6 Bxc3 28.Bc4 Qf6
29.fxg5 Qxe6 30.Bxe6 Kg7 31.h4 Kg6 32.h5+ Kg7 33.Be3 Ne5 34.Bxf5 Nf3+ 35.Kg2
Nd4 36.h6+ Kg8 37.Bc8 Nc2 38.Bf4 {#r} 1-0

[Event "It (open)"]
[Site "masterchessopen.com Batumi (Georgia)"]
[Round "8"]
[White "Bagaturov Giorgi (GEO)"]
[Black "Petrosian Davit G (ARM)"]
[Result "1-0"]
[WhiteElo "2473"]
[BlackElo "2290"]

1.d4 Nf6 2.c4 g6 3.Nf3 Bg7 4.g3 O-O 5.Bg2 d6 6.Nc3 Nbd7 7.O-O e5 8.e4 c6 9.b3
Re8 10.h3 exd4 11.Nxd4 Nc5 12.Re1 a5 13.Rb1 Qb6 14.Be3 Qb4 15.Qc2 Qb6 16.a3
Qc7 17.b4 axb4 18.axb4 Ne6 19.Nde2 Nd7 20.Qb3 h5 21.f4 f5 22.Rbd1 h4 23.g4
fxg4 24.hxg4 Nf6 25.c5 Nxg4 26.cxd6 Qd8 27.Nb1 h3 28.Bxh3 Qh4 29.Bc5 Ra2
30.Qxa2 Qxh3 31.Nc1 b6 32.Bxb6 Bb2 33.Qxb2 Nxf4 34.Qb3+ {#r} 1-0

[Event "Ch American Continent"]
[Site "masterchessopen.com Cali (Colombia)"]
[Round "3"]
[White "Nogueiras Jesus (CUB)"]
[Black "Arias Lemmys A (ESA)"]
[Result "1-0"]
[WhiteElo "2521"]
[BlackElo "2266"]

1.c4 Nf6 2.Nc3 d6 3.d4 g6 4.g3 Bg7 5.Bg2 O-O 6.Nf3 Nbd7 7.O-O e5 8.e4 c6 9.b3
Re8 10.h3 exd4 11.Nxd4 Nc5 12.Re1 a5 13.Bf4 Nh5 14.Be3 Nf6 15.Qc2 Qe7 16.Rad1
Ne6 17.Qd2 Nxd4 18.Bxd4 Be6 19.Nd5 Bxd5 20.exd5 Qd7 21.Rxe8+ Nxe8 22.dxc6 bxc6
23.Bxg7 Kxg7 24.Qd4+ Kg8 25.Qb6 Rc8 26.Qxa5 Nc7 27.Qb4 Rd8 28.Qa4 d5 29.cxd5
Qd6 30.Rc1 {#r} 1-0

[Event "It (open)"]
[Site "masterchessopen.com Dubai (United Arab Emirates)"]
[Round "8"]
[White "Neelotpal Das (IND)"]
[Black "Kayumov Sergey (UZB)"]
[Result "1-0"]
[WhiteElo "2341"]
[BlackElo "2267"]

1.d4 Nf6 2.c4 g6 3.g3 Bg7 4.Bg2 d6 5.Nc3 O-O 6.Nf3 Nbd7 7.O-O e5 8.e4 exd4
9.Nxd4 Re8 10.h3 Nc5 11.Re1 a5 12.Ndb5 Bd7 13.Bf4 h6 14.Qc2 Ne6 15.Be3 Ng5
16.g4 Nxg4 17.hxg4 Bxg4 18.f4 Nf3+ 19.Bxf3 Bxf3 20.Bd4 Qd7 21.Qh2 f5 22.Qg3
Bg4 23.Bxg7 Qxg7 24.e5 g5 25.fxg5 dxe5 26.Nd5 Qxg5 27.Nbxc7 f4 28.Qh2 f3
29.Kf2 Rf8 30.Re3 Rad8 31.Rg1 Rf4 32.Ne6 Rxd5 33.cxd5 Qg6 34.Nxf4 Qc2+ 35.Ne2
h5 36.Qxe5 fxe2 37.Qe8+ {#r} 1-0

[Event "It (open)"]
[Site "masterchessopen.com Kishinev (Moldova)"]
[Round "8"]
[White "Itkis Boris (ROM)"]
[Black "Ianocichin Victor (MDA)"]
[Result "1-0"]
[WhiteElo "2472"]
[BlackElo "2180"]

1.d4 g6 2.Nf3 Bg7 3.c4 d6 4.Nc3 Nf6 5.g3 O-O 6.Bg2 Nbd7 7.O-O e5 8.e4 c6 9.Be3
Re8 10.h3 Qe7 11.Re1 a6 12.Qc2 b5 13.c5 dxc5 14.dxe5 Nxe5 15.Nxe5 Qxe5 16.f4
Qc7 17.Bxc5 Nd7 18.Bf2 b4 19.Na4 f6 20.Qc4+ Kh8 21.Qxb4 Rb8 22.Qc4 a5 23.Rac1
Rb4 24.Qc2 Ba6 25.b3 g5 26.Qxc6 Qxc6 27.Rxc6 Bb5 28.Rd6 Bf8 29.Rd5 Bxa4
30.bxa4 Nb6 31.Rxa5 gxf4 32.gxf4 Nxa4 33.Rc1 Nb2 34.Rd5 Bh6 35.Bg3 Rg8 36.Kh2
Ra4 37.Rf5 Ra6 38.Rc3 {#r} 1-0

[Event "Memorial J.Kochan (open)"]
[Site "masterchessopen.com Koszalin (Poland)"]
[Round "10"]
[White "Prokopchuk Evgeny (RUS)"]
[Black "Guliev Logman (AZE)"]
[Result "1-0"]
[WhiteElo "2508"]
[BlackElo "2383"]

1.d4 Nf6 2.c4 g6 3.Nc3 Bg7 4.Nf3 O-O 5.g3 d6 6.Bg2 Nbd7 7.O-O e5 8.e4 c6 9.Be3
Ng4 10.Bg5 Qb6 11.h3 exd4 12.Na4 Qa6 13.hxg4 b5 14.c5 bxa4 15.cxd6 c5 16.Be7
Re8 17.e5 Rb8 18.Re1 Rxb2 19.Ng5 Qc4 20.e6 fxe6 21.Qf3 Kh8 22.Qf7 Rg8 23.Rxe6
Rxa2 24.Rf1 Rc2 25.Rxg6 Ne5 26.Bd5 Qxd5 {#r} 1-0

[Event "Mind Sports Olympiad"]
[Site "masterchessopen.com London (England)"]
[Round "7"]
[White "Harikrishna P (IND)"]
[Black "Thipsay Praveen M (IND)"]
[Result "1-0"]
[WhiteElo "2502"]
[BlackElo "2456"]

1.d4 Nf6 2.c4 g6 3.g3 Bg7 4.Bg2 O-O 5.Nf3 d6 6.O-O Nbd7 7.Nc3 e5 8.e4 c6 9.b3
Qb6 10.Re1 exd4 11.Nxd4 Nc5 12.h3 Re8 13.Bf4 Bd7 14.Bxd6 Nfxe4 15.Bxe4 Nxe4
16.Rxe4 Rxe4 17.Nxe4 Qxd4 18.Qxd4 Bxd4 19.Rd1 f5 20.Rxd4 fxe4 21.g4 b6 22.Bf4
Be8 23.Rxe4 a5 24.Re7 a4 25.Be5 axb3 26.axb3 h5 27.Kh2 hxg4 28.hxg4 b5 29.cxb5
cxb5 30.b4 Kf8 31.Bd6 Kg8 32.Kg3 Bf7 33.Rb7 Bc4 34.Kh4 Ra6 35.Bc5 Bd3 36.Kg5
Re6 37.Rd7 Be2 38.Kh6 g5+ 39.Kxg5 Re5+ 40.Kf6 Re4 41.g5 {#r} 1-0

[Event "It (open)"]
[Site "masterchessopen.com Nuernberg (Germany)"]
[Round "1"]
[White "Neumann Robert (GER)"]
[Black "Bayer Bernhard (GER)"]
[Result "0-1"]
[WhiteElo "1869"]
[BlackElo "2265"]

1.c4 Nf6 2.g3 g6 3.Bg2 Bg7 4.Nc3 d6 5.d4 O-O 6.Nf3 Nbd7 7.O-O e5 8.e4 c6 9.Re1
Re8 10.b3 exd4 11.Nxd4 Nc5 12.Bb2 a5 13.Qd2 Qb6 14.Rad1 a4 15.Qc2 Bg4 16.f3
axb3 17.axb3 Bd7 18.Kh1 Nh5 19.Nce2 Ra2 20.Ra1 Rxb2 21.Qxb2 Ne6 22.Qd2 Nxd4
23.Nxd4 Bxd4 24.Rad1 Bc5 25.Qd3 Ng7 26.Re2 Qb4 27.Ra2 b5 28.Rda1 Be6 29.Bf1
bxc4 30.bxc4 Bb6 31.Ra8 Qc5 32.Rxe8+ Nxe8 33.Be2 h5 34.Rd1 Bh3 35.f4 Be6
36.Bf3 Qf2 37.Qe2 Bg4 38.Bg2 Qxe2 {#R} 0-1